00724nam a22002177a 4500999001500000001000600015003000900021005001700030008004100047020001800088040003800106082002000144100001800164245007700182260004100259300002400300600003000324700002200354942001200376952011800388 c3870d387018528BD-DhUAP20200312164624.0200312s2000 enk||||| |||| 00| 0 eng d a9780571246984 aBD-DhUAPbEngcBD-DhUAPdBD-DhUAP 223a821.914 HUG aHughes, Ted.  aTed Hughes :bpoems selected /cTed Hughes ; selected by Simon Armitage. aLondon :b Faber and Faber, cc2009. a138 pages ;c22 cm. aHughes, Ted, d1930-1998. aArmitage, Simon.  2ddccBK 00102ddc4070aUAPCLbUAPCLcGeneral Stacksd2020-03-12o821.914 HUGp3010018528r2020-03-12t1w2020-03-12yBK